Ekonomika Ukrainy Politiko-ekonomičeskij žurnal Ministerstva ekonomiky Ukrainy, Ministerstva finansov Ukrainy i Akademii nauk Ukrainy

Gespeichert in:
Bibliographische Detailangaben
Format: Schriftenreihe
Sprache:Ukrainisch
Veröffentlicht: Kijev Radjans'ka Ukraina 1992
Schlagworte:
Tags: Tag hinzufügen
Keine Tags, Fügen Sie das erste Tag hinzu!

MARC

LEADER 00000nas2a2200000 4500
001 s016254
005 20240109094002.2
022 |a 0131-7741 
041 0 |a ukr 
044 |a UA 
245 1 0 |a Ekonomika Ukrainy  |b Politiko-ekonomičeskij žurnal Ministerstva ekonomiky Ukrainy, Ministerstva finansov Ukrainy i Akademii nauk Ukrainy 
264 1 |a Kijev  |b Radjans'ka Ukraina  |c 1992 
300 |a 2 zv. 
500 |a Do roku 1991 pod názvom: Ekonomika Sovetskoj Ukrajiny 
773 0 |w eu_un_cat*s120162 
610 2 0 |a rozvoj hospodársky